Pays les moins au Sud (Difficile) - Statistiques

Statistiques générales
  • Ce quiz a été pris 35 fois
  • Le résultat moyen est 7 sur 15
Statistiques - réponses
Rang Pays Coordonnées GPS % Correct
1 Islande 63°17'46.2"N 20°36'13.8"W
100%
2 Finlande 59°45'09.7"N 22°57'49.6"E
80%
3 Estonie 57°30'33.6"N 26°36'59.6"E
57%
4 Lettonie 55°40'29.2"N 26°35'48.4"E
53%
5 Suède 55°20'12.1"N 13°21'30.5"E
53%
6 Danemark 54°33'32.8"N 11°58'10.4"E
47%
7 Lituanie 53°53'48.5"N 24°21'07.5"E
47%
8 Irlande 51°25'11.8"N 9°30'50.7"W
43%
12 Pologne 49°00'07.3"N 22°51'34.7"E
40%
11 Luxembourg 49°26'52.0"N 6°02'30.3"E
37%
10 Belgique 49°29'49.3"N 5°28'20.9"E
33%
9 Biélorussie 51°15'43.3"N 30°32'21.9"E
33%
13 Tchéquie 48°33'06.5"N 14°19'59.6"E
33%
14 Slovaquie 47°43'52.2"N 18°17'24.4"E
30%
15 Liechtenstein 47°02'53.9"N 9°33'28.2"E
23%
Aucun quiz correspondant
Distribution des résultats
% des personnes avec chaque résultat
Percentile par nombre de réponses
Votre historique - résultats
Vous n’avez pas pris ce quiz